000 00474nam a22001697a 4500
003 BD-ChCU
005 20260329131744.0
008 260329b bg ||||| |||| 00| 0 ben d
040 _cBD-ChCU
082 _a574 TAG
100 _aTaylor, William I. and Weber, Richard J.
_920869
245 _aGeneral biology.//
_cTaylor, William I. and Weber, Richard J.
260 _aNew York.
_bNostrand.
_c1961
300 _ax, 945p
650 0 _aBiology.
_920870
942 _2ddc
_cBK
_n0
999 _c111890
_d111890